000 00782nam a2200229Ii 4500
003 JO-AjNU
008 230605s9999||||xx |||||||||||||| ||und||
017 _a1999-6-1085
020 _a9957-02-027-7
040 _aJO-AjNU
_bara
_erda
_cJO-AjNU
041 _aara
050 1 4 _aTE209.S24 1999
100 3 _aصيام، يوسف مصطفى،م مشارك: عبدالله القرني ،سعد بن عبدالرحمن القاضي,
_eauthor
_951235
245 0 0 _aتغطية مساحية الطرق
250 _aط1
264 3 1 _aعمان:دار مجدلاوي,1999
300 _a744ص
336 _atext
_btxt
_2rdacontent
337 _aunmediated
_bn
_2rdamedia
338 _avolume
_bnc
_2rdacarrier
650 4 _aالمساحة الهندسية-هندسة الطرق
_951236
999 _aA22618
_c26186
_d26186